El perfil del líder (Registro nro. 9257)

Detalles MARC
000 -Cabecera
Campo de control de longitud fija 00758ntm a22003017a 4500
005 - Fecha y hora de la última transacción
Campo de control 20250818120354.0
008 - Elementos de longitud fija--Información general
Campo de control de longitud fija 170407b2015 xxu||||| |||| 00| 0 spa d
020 ## - International Standard Book Number
Número Internacional Estándar del Libro (ISBN) 9786071723482
041 ## - Idioma
Código de idioma Español
082 ## - Clasificación Decimal Dewey
Número de clasificación 658.409.2 R766p
100 ## - Entrada principal--Autor personal
Nombre personal Romo, Francisco
9 (RLIN) 42121
245 ## - Título propiamente dicho
Título El perfil del líder
260 ## - Pie de imprenta
Lugar de publicación, distribución, etc. México
260 ## - Pie de imprenta
Nombre del editor, distribuidor, etc. Trillas
260 ## - Pie de imprenta
Fecha de publicación, distribución, etc. 2015
300 ## - Descripción física
Extensión 318 páginas
490 ## - Serie
Título de la Serie Dirección y Administración de empresas
650 ## - Materia general
Temática (materia general) LIDERAZGO EJECUTIVO
650 ## - Materia general
Temática (materia general) EL LÍDER
650 ## - Materia general
Temática (materia general) TEORÍAS DEL LIDERAZGO ADMINISTRATIVO
650 ## - Materia general
Temática (materia general) HABILIDADES EJECUTIVAS
650 ## - Materia general
Temática (materia general) LIDERAZGO
650 ## - Materia general
Temática (materia general) SEGUIDORES
650 ## - Materia general
Temática (materia general) PODER
650 ## - Materia general
Temática (materia general) IDOLATRÍA
650 ## - Materia general
Temática (materia general) APRECIACIÓN
942 ## - Punto de acceso adicional KOHA
Tipo de ítem KOHA Libro
Fuente del sistema de clasificación o colocación Dewey Decimal Classification
Existencias
Signatura completa Código de barras Programa Académico Tipo de ítem
658.409.2 R766p 22112 Dirección y Administración de Empresas Libro